| 000 | 00778 a2200265 4500 | ||
|---|---|---|---|
| 001 | 200421177 | ||
| 650 | 0 | 0 |
_aSinema _zTürkiye _xTarih _987863 |
| 650 | 0 | 0 |
_aMotion pictures _zTurkey _xHistory _9118833 |
| 999 |
_c200421177 _d38385 |
||
| 003 | TR-AnTOB | ||
| 005 | 20241129155055.0 | ||
| 008 | 150126b tu 000 0 | ||
| 020 | _a6086519935 | ||
| 040 |
_aTR-AnTOB _btur _erda |
||
| 041 | 0 | _atur | |
| 050 |
_aPN1993.5. _bE769 |
||
| 090 | _aPN1993.5 . E769 | ||
| 245 | 1 | 0 |
_aMakedon sinemasında öteki olarak “Türk” / _cSema Ali Erol. |
| 264 |
_aÜsküp: _bYeni Balkan Yayınevi, _c[date of publication not identified] |
||
| 300 |
_a183 sayfa : _bresim ; _c20 cm. |
||
| 336 |
_atext _2rdacontent |
||
| 337 |
_aunmediated _2rdamedia |
||
| 338 |
_avolume _2rdacarrier |
||
| 942 | _cBK | ||